Quiz sur les animaux - Statistiques

Statistiques générales
  • Ce quiz a été pris 480 fois
    403 depuis la dernière actualisation
  • Le résultat moyen est 4 sur 5
Statistiques - réponses
Question Réponse % Correct
Quel animal n'est pas domestique ? Requin
98%
Quel animal n'a pas de griffe ? Axoltl
89%
Quel animal ne peut pas vivre dans l'eau ? Cochon
88%
Quel animal ne se trouve pas dans une ferme ? Chien
78%
Quel animal à déja voyagé dans l'espace ? Chat
52%
Aucun quiz correspondant
Distribution des résultats
% des personnes avec chaque résultat
Percentile par nombre de réponses
Votre historique - résultats
Vous n’avez pas pris ce quiz depuis la dernière actualisation